000 01049nmc a2200361 a 4500
003 AR-BaBNM
005 20251128210325.0
008 309119s1964 ||||||||||||||000 | spa||
040 _cAR-BaBNM
245 1 0 _aL'enseignement polytechnique en URSS
260 _aAmsterdam
_bUNESCO
_c1964
300 0 _a446 p.
_bil., tablas
490 0 _aMonographies sur l'éducation
_vv. iii
504 _aContiene bibliografía p. 436-446
600 1 4 _aLenin, Vladimir Ilich
_d1870-1924
600 1 4 _aMarx, Karl
600 1 4 _aEngels, Friedrich
650 4 _aENSENANZA POLITECNICA
650 4 _aHISTORIA DE LA EDUCACION
650 4 _aCOMUNISMO
650 4 _aTECNOLOGIA
650 4 _aPROGRAMAS DE EDUCACION
650 4 _aFORMACION DE DOCENTES
650 4 _aMETODOS DE ENSENANZA
650 4 _aORGANIZACION DE LA EDUCACION
651 4 _aURSS
653 0 _aEDUCACION SECUNDARIA
653 0 _aCONTENIDOS CURRICULARES
653 0 _aACTIVIDADES EXTRAESCOLARES
700 1 _aChapovalenko, Serge G.
_edirector
942 _cBK
998 _cRaquel
999 _c14960
_d14960